000 00247nam a22001217a 4500
008 170609b xxu||||| |||| 00| 0 eng d
041 _aeng
080 _a94
100 _a17
101 _aSHH
245 _aIBERIA
_cMICHENER,J.A
942 _2udc
_cBK
999 _c16632
_d16632